Management information systems / (Record no. 182250)

MARC details
000 -LEADER
fixed length control field 00815nam a22002417a 4500
005 - DATE AND TIME OF LATEST TRANSACTION
control field 20211109144644.0
010 ## - LCCN (DPL NO)
LC control number B-741830
020 ## - INTERNATIONAL STANDARD BOOK NUMBER
International Standard Book Number 9780070144941
Terms of availability 199.00
035 ## - SYSTEM CONTROL NUMBER
System control number B-741830
037 ## - SOURCE OF ACQUISITION
Source of stock number/acquisition Tata Mc Graw Hill /Gift
082 ## - DEWEY DECIMAL CLASSIFICATION NUMBER
Classification number 658.4038011
100 ## - MAIN ENTRY--PERSONAL NAME
Personal name O'Brien, James A.
245 ## - TITLE STATEMENT
Title Management information systems /
Statement of responsibility, etc by James A. O'Brien, George M. Marakas [and] Ramesh Behl
250 ## - EDITION STATEMENT
Edition statement 9th ed
260 ## - PUBLICATION, DISTRIBUTION, ETC. (IMPRINT)
Place of publication, distribution, etc New Delhi
Name of publisher, distributor, etc Tata Mc Graw Hill
Date of publication, distribution, etc 2010
270 ## - ADDRESS
Address 7 West Patel Nagar,
City New Delhi
Postal code 110008
300 ## - PHYSICAL DESCRIPTION
Extent xxx, 831p.:
Other physical details ill.
Dimensions 24cm(pbk)
500 ## - GENERAL NOTE
General note include index
700 ## - ADDED ENTRY--PERSONAL NAME
Personal name Marakas, George M
700 ## - ADDED ENTRY--PERSONAL NAME
Personal name Behl, Ramesh
942 ## - ADDED ENTRY ELEMENTS (KOHA)
Source of classification or shelving scheme Dewey Decimal Classification
Item type English Books
Call number suffix OBR
Classification part 658.4038011
Holdings
Withdrawn status Lost status Not for loan Collection code Home library Current library Date acquired Source of acquisition Cost, normal purchase price Full call number Barcode Copy number Cost, replacement price Koha item type Public note
      Non-fiction Bawana Bawana 09/11/2021 Eng/Gift/8.11.2021 199.00 658.4038011 OBR B-741830 1 199.00 English Books Gift

© Delhi Public Library
Hit Counter
free hit counter